Statistiques concernant Quel est ce bâtiment?

Cliquez ici pour prendre le quiz!

Statistiques générales

  • Ce quiz a été pris 5 fois
  • Le résultat moyen est 4 sur 23

Statistiques - réponses

Réponse% Correct
Boutique Pokémon
60%
Centre Pokémon
60%
Laboratoire Pokémon du Professeur Chen
40%
Les Eoliennes
40%
Usine de Poké Balls
40%
Centre Météo
20%
Château Rocket
20%
Devon SARL
20%
Phare d'Oliville
20%
Sylphe SARL
20%
Tour de Combat
20%
Tour Mégalopole
20%
Centrale de Kalos
0%
Château Enfoui
0%
Dojo de Safrania
0%
Dôme Pokéathlon
0%
Ecole des Dresseurs
0%
Galerie Concorde
0%
Gratte-Ciel Noir
0%
Hôtel des Embruns
0%
Palais Chaydeuvre
0%
PWT
0%
Tour des Cieux
0%

Distribution des résultats

Percentile par nombre de réponses

% des personnes avec chaque résultat

Votre développement - résultats

Vous n’avez pas pris ce quiz